[Event "DMP - II Liga seniorow"]
[Site "Mrzezyno"]
[Date "2011.09.06"]
[Round "4"]
[White "Szusterowski, Radoslaw"]
[Black "Dobrowolski, Marcin"]
[Result "1/2-1/2"]
[WhiteElo "2190"]
[BlackElo "1955"]
[PlyCount "70"]
[EventDate "2011.09.??"]

1. d4 g6 2. c4 Bg7 3. Nc3 d6 4. e4 e5 5. dxe5 dxe5 6. Qxd8+ Kxd8 7. Bg5+ f6 8.
O-O-O+ Nd7 9. Be3 c6 10. g3 Nh6 11. Bh3 Kc7 12. f3 Nf7 13. Nge2 b6 14. Rd2 Nf8
15. Bxc8 Rxc8 16. Rhd1 Rd8 17. Rxd8 Nxd8 18. b4 Nfe6 19. b5 c5 20. Nd5+ Kb7 21.
Kb2 Nd4 22. Bxd4 cxd4 23. Nc1 Ne6 24. Nd3 Rc8 25. Kb3 f5 26. exf5 gxf5 27. Ne7
Rf8 28. Re1 Nc5+ 29. Kc2 Nxd3 30. Kxd3 Kc7 31. Re2 Kd6 32. Nc6 a5 33. a3 h5 34.
Re1 Bf6 35. c5+ bxc5 1/2-1/2

[Event "DMP - II Liga seniorow"]
[Site "Mrzezyno"]
[Date "2011.09.06"]
[Round "4"]
[White "Zurkowski, Andrzej"]
[Black "Sroka, Janusz"]
[Result "0-1"]
[WhiteElo "2055"]
[BlackElo "2080"]
[PlyCount "118"]
[EventDate "2011.09.??"]

1. d4 Nf6 2. c4 g6 3. Nc3 Bg7 4. e4 d6 5. f4 O-O 6. Nf3 Na6 7. Be2 e5 8. fxe5
dxe5 9. d5 Qe7 10. O-O Nc5 11. Qc2 a5 12. b3 Bd7 13. Rb1 h6 14. a3 b6 15. Bd2
a4 16. b4 Nb3 17. Qd3 Nxd2 18. Nxd2 h5 19. Nb5 Ne8 20. Rbc1 Bh6 21. Rc2 Qg5 22.
Nf3 Qe3+ 23. Kh1 Bxb5 24. cxb5 Qxd3 25. Bxd3 f6 26. Rc6 Rd8 27. Rf2 Kg7 28.
Rfc2 Rf7 29. h3 Rfd7 30. R2c3 Kf7 31. g4 hxg4 32. hxg4 Bf4 33. Kg2 g5 34. Bc2
Ra8 35. Ng1 Ra7 36. Rh3 Kg7 37. Ne2 Nd6 38. Bd3 Ra8 39. Nxf4 gxf4 40. Rh1 Ra7
41. Kf3 Ra8 42. Kg2 Kg6 43. Rcc1 Rg7 44. Rh5 Rag8 45. Kf2 Rc8 46. Kf3 Rcg8 47.
Be2 Rc8 48. Rh3 Ra8 49. Rc6 Rd7 50. Kg2 Nf7 51. Rhc3 Ra7 52. Re6 Ng5 53. Re8
Kf7 54. Rc8 Kg7 55. Rc6 Nxe4 56. Re6 Nd6 57. g5 Nxc8 58. gxf6+ Kf8 59. Bh5 Nd6
0-1

[Event "DMP - II Liga seniorow"]
[Site "Mrzezyno"]
[Date "2011.09.06"]
[Round "4"]
[White "Wojciechowski, Piotr"]
[Black "Gomulka, Jaroslaw"]
[Result "1-0"]
[WhiteElo "2295"]
[BlackElo "2105"]
[PlyCount "147"]
[EventDate "2011.09.??"]

1. e4 e5 2. Nf3 Nf6 3. Nxe5 d6 4. Nf3 Nxe4 5. Nc3 Nxc3 6. dxc3 Be7 7. Bf4 Nc6
8. Qd2 Be6 9. O-O-O a6 10. Kb1 Qd7 11. Nd4 Bf6 12. Bg5 Qe7 13. h4 h6 14. Nxc6
bxc6 15. Bxf6 Qxf6 16. Qd4 Qxd4 17. cxd4 Kd7 18. Be2 Bd5 19. Bg4+ Be6 20. Bf3
Bd5 21. Bxd5 cxd5 22. Rhe1 Rhe8 23. f3 Re6 24. Rxe6 fxe6 25. Kc1 Rf8 26. Rd3 g5
27. h5 c5 28. c3 Rf4 29. g3 Rf8 30. Kd1 Rb8 31. Rd2 Kc6 32. Re2 Kd7 33. b3 Ke7
34. Rd2 Kf6 35. Ke2 Rd8 36. b4 g4 37. f4 cxb4 38. cxb4 e5 39. Ke3 Kf5 40. Rf2
exf4+ 41. Rxf4+ Kg5 42. Rf1 Kxh5 43. Rf5+ Kg6 44. Rxd5 h5 45. Kd3 Rf8 46. Rxd6+
Kg5 47. Rd5+ Kg6 48. Re5 Rf3+ 49. Re3 Rf2 50. a4 Ra2 51. a5 h4 52. gxh4 Kh5 53.
Re8 Kxh4 54. d5 Ra1 55. Kc2 Ra2+ 56. Kc3 Ra1 57. Rh8+ Kg3 58. Kd4 Kf2 59. Rf8+
Ke2 60. Re8+ Kf2 61. Rf8+ Ke2 62. Rg8 Kf3 63. Kc5 g3 64. d6 Rc1+ 65. Kb6 Rd1
66. Kxa6 Rxd6+ 67. Kb5 g2 68. a6 Rd8 69. Rxg2 Kxg2 70. Kc6 Kf3 71. b5 Ke4 72.
b6 Rh8 73. a7 Rh6+ 74. Kc5 1-0

[Event "DMP - II Liga seniorow"]
[Site "Mrzezyno"]
[Date "2011.09.06"]
[Round "4"]
[White "Flasinski, Michal"]
[Black "Stepien, Marcin"]
[Result "1/2-1/2"]
[WhiteElo "2235"]
[BlackElo "2132"]
[PlyCount "101"]
[EventDate "2011.09.??"]

1. d4 d6 2. Nf3 Nf6 3. c4 c6 4. Nc3 Bg4 5. e4 Nbd7 6. Be2 Bxf3 7. Bxf3 Qc7 8.
O-O e5 9. Be3 Be7 10. d5 c5 11. g3 a6 12. Be2 O-O 13. f4 Rab8 14. a4 b6 15. Rf2
exf4 16. gxf4 Rfe8 17. Qc2 Nf8 18. e5 N6d7 19. e6 fxe6 20. Bh5 Nf6 21. Bxe8
Rxe8 22. dxe6 Nxe6 23. f5 Nd8 24. Re2 Nc6 25. Rae1 Ne5 26. Rf1 Qc6 27. Bg5 Nf3+
28. Rxf3 Qxf3 29. Bxf6 gxf6 30. Qe4 Qxe4 31. Rxe4 d5 32. Nxd5 Kf7 33. Kf2 Bd8
34. Rxe8 Kxe8 35. Kf3 Kd7 36. Ke4 Kc6 37. h4 Kd6 38. h5 Kc6 39. h6 Kd7 40. b3
Kc6 41. Kf3 a5 42. Ke4 Kd7 43. Nf4 Kd6 44. Ng6 Be7 45. Nf4 Kc6 46. Ne6 Kd6 47.
Nf4 Kc6 48. Nd5 Bd8 49. Ne3 Be7 50. Ng4 Bd8 51. Ne3 1/2-1/2

[Event "DMP - II Liga seniorow"]
[Site "Mrzezyno"]
[Date "2011.09.06"]
[Round "4"]
[White "Kubien, Jerzy"]
[Black "Gola, Karol"]
[Result "0-1"]
[WhiteElo "2237"]
[BlackElo "2163"]
[PlyCount "120"]
[EventDate "2011.09.??"]

1. Nf3 d5 2. d4 Nf6 3. Bf4 e6 4. e3 Bd6 5. Bxd6 Qxd6 6. Nbd2 O-O 7. c4 c6 8.
Qc2 Nbd7 9. Be2 e5 10. cxd5 Nxd5 11. O-O exd4 12. Nxd4 Ne5 13. Rfd1 Ng4 14. Nf1
Qf6 15. Bf3 Rd8 16. h3 Ne5 17. Be4 g6 18. Rac1 Qe7 19. f4 Nb4 20. Qb3 Nd7 21.
Bf3 Nf6 22. a3 Nbd5 23. Rxc6 Nxe3 24. Rxc8 Nxd1 25. Rxa8 Rxa8 26. Bxd1 Rd8 27.
Nf3 Nd5 28. N3d2 Nxf4 29. Bf3 Qc5+ 30. Kh2 b6 31. Qa4 Nd3 32. Qxa7 Nxb2 33. Ne4
Qe5+ 34. Kh1 Nc4 35. a4 Kg7 36. Qa6 Rd4 37. Qb7 Qf4 38. Neg3 Qd6 39. Kg1 Ne5
40. Be2 Rxa4 41. Kh2 Rb4 42. Qc8 Rb3 43. Qc2 Ra3 44. Qb2 f5 45. Nd2 Kf8 46. Nf3
Re3 47. Nxe5 Qxe5 48. Qb4+ Kg7 49. Bf3 h5 50. h4 b5 51. Qd2 Qe7 52. Qd4+ Kh7
53. Kg1 b4 54. Nf1 Re1 55. Kf2 Rc1 56. Qd2 Qc5+ 57. Ne3 f4 58. Qd7+ Kh6 59. g3
Qxe3+ 60. Kg2 Qg1+ 0-1

[Event "DMP - II Liga seniorow"]
[Site "Mrzezyno"]
[Date "2011.09.06"]
[Round "4"]
[White "Zdziarska, Lidia"]
[Black "Krasnodebska, Magdalena"]
[Result "0-1"]
[WhiteElo "1939"]
[BlackElo "2021"]
[PlyCount "152"]
[EventDate "2011.09.??"]

1. e4 c5 2. Nf3 e6 3. d4 cxd4 4. Nxd4 Nf6 5. Nc3 Nc6 6. Ndb5 Bb4 7. a3 Bxc3+ 8.
Nxc3 O-O 9. Bd3 d5 10. exd5 exd5 11. O-O d4 12. Ne4 Bf5 13. Bg5 Bxe4 14. Bxe4
Qd6 15. Bxf6 Qxf6 16. Qh5 g6 17. Qb5 Rfe8 18. Qxb7 Ne5 19. b4 Rac8 20. Qxa7 Qf4
21. Bd3 Ng4 22. g3 Qf6 23. Qb7 Ne5 24. Kg2 Rb8 25. Qe4 Nc4 26. Qf4 Qc6+ 27. Kg1
Ne5 28. Be4 Qc3 29. Rfb1 Nc4 30. Bd5 Ne5 31. Be4 Nc4 32. Bc6 Rf8 33. Bd5 Nxa3
34. Bxf7+ Kg7 35. Rd1 Rb5 36. Rxa3 Qxa3 37. Qxd4+ Kh6 38. Qf4+ Kg7 39. Rd7 Qa1+
40. Kg2 Qa8+ 41. f3 Qc6 42. Qd4+ Kh6 43. c4 Rb7 44. Rd6 Qa4 45. Qh4+ Kg7 46.
Qf6+ Kh6 47. Rd4 Qc2+ 48. Kf1 Qc1+ 49. Ke2 Qb2+ 50. Ke3 Qc3+ 51. Kf2 Qb2+ 52.
Kg1 Qc1+ 53. Kg2 Qc2+ 54. Kh3 Qf5+ 55. Qxf5 gxf5 56. Rd6+ Kg7 57. Bd5 Rxb4 58.
Rd7+ Kg6 59. c5 Rb2 60. c6 Rc2 61. Rd6+ Kg7 62. Be6 Rf6 63. Rd7+ Kf8 64. Bxf5
Rxf5 65. c7 Rfc5 66. Rxh7 Rxc7 67. Rxc7 Rxc7 68. Kg4 Rc5 69. f4 Kg7 70. Kh4 Kf6
71. g4 Rc4 72. Kg3 Rc3+ 73. Kh4 Rf3 74. f5 Re3 75. h3 Rf3 76. g5+ Kxf5 0-1

[Event "DMP - II Liga seniorow"]
[Site "Mrzezyno"]
[Date "2011.09.06"]
[Round "4"]
[White "Jagodzinski, Waldemar"]
[Black "Brzezinski, Mateusz"]
[Result "0-1"]
[WhiteElo "2029"]
[BlackElo "2017"]
[PlyCount "132"]
[EventDate "2011.09.??"]

1. d4 d5 2. Nf3 Nf6 3. c4 e6 4. e3 c6 5. Nbd2 Nbd7 6. Bd3 Bd6 7. O-O O-O 8. e4
e5 9. exd5 cxd5 10. cxd5 exd4 11. Nc4 Bb8 12. Bg5 h6 13. Bh4 Nb6 14. d6 Nxc4
15. Bxc4 Qxd6 16. Bg3 Qb6 17. Qxd4 Bxg3 18. hxg3 Qxd4 19. Nxd4 Rd8 20. Rad1 a6
21. Bb3 Bg4 22. f3 Bh5 23. Nf5 Kf8 24. Nh4 g5 25. Nf5 Bg6 26. Ne3 Rac8 27. Rfe1
h5 28. Nc4 Rxd1 29. Rxd1 Rc7 30. Ne5 Bf5 31. Rd6 Ng8 32. Rb6 f6 33. Nc4 Bc8 34.
Ne3 Rc6 35. Rxc6 bxc6 36. Bc4 Ke7 37. Bd3 Bd7 38. Bg6 Be6 39. a3 Bf7 40. Bd3 a5
41. Kf2 Be6 42. Ke2 f5 43. f4 Kf7 44. Kf3 Nf6 45. Bc4 g4+ 46. Ke2 Ke7 47. Bxe6
Kxe6 48. Nc4 Ne4 49. Nxa5 Nxg3+ 50. Ke3 Kd5 51. Nb3 Ne4 52. Nd4 Nd6 53. g3 c5
54. Ne2 Nc4+ 55. Kd3 Nxb2+ 56. Ke3 Nc4+ 57. Kd3 Nb2+ 58. Kc3 Nd1+ 59. Kd3 Nf2+
60. Ke3 Ne4 61. Kd3 c4+ 62. Kc2 Kc5 63. Kb2 c3+ 64. Kb3 Kb6 65. Nd4 Nxg3 66.
Kxc3 h4 0-1

[Event "DMP - II Liga seniorow"]
[Site "Mrzezyno"]
[Date "2011.09.06"]
[Round "4"]
[White "Maksimenko, Andrei Jr"]
[Black "Stoppel, Mariusz"]
[Result "1/2-1/2"]
[WhiteElo "1811"]
[BlackElo "2069"]
[PlyCount "67"]
[EventDate "2011.09.??"]

1. e4 c5 2. Nf3 e6 3. d4 cxd4 4. Nxd4 Nc6 5. Nc3 Nf6 6. Ndb5 Bb4 7. a3 Bxc3+ 8.
Nxc3 d5 9. exd5 exd5 10. Bd3 O-O 11. O-O d4 12. Ne2 Bg4 13. h3 Bxe2 14. Bxe2
Qd6 15. Bd3 Rfe8 16. Bg5 Ne4 17. Bxe4 Rxe4 18. Re1 Rae8 19. Qd2 h6 20. Bh4 f5
21. f3 Rxe1+ 22. Rxe1 Rxe1+ 23. Bxe1 Kf7 24. Bf2 Qf6 25. Qd3 b6 26. b4 g5 27.
b5 Na5 28. Bxd4 Qe6 29. Bf2 Nc4 30. Qb3 Qd5 31. Qa4 Kg6 32. Qb3 Qd1+ 33. Kh2
Qd6+ 34. Kg1 1/2-1/2

[Event "DMP - II Liga seniorow"]
[Site "Mrzezyno"]
[Date "2011.09.06"]
[Round "4"]
[White "Paszewski, Mateusz"]
[Black "Rusinski, Mateusz"]
[Result "1/2-1/2"]
[WhiteElo "1919"]
[BlackElo "1904"]
[PlyCount "111"]
[EventDate "2011.09.??"]

1. e4 e5 2. Nf3 Nc6 3. Bc4 Bc5 4. c3 Nf6 5. d3 d6 6. O-O O-O 7. Nbd2 Be6 8. Bb3
Bxb3 9. Qxb3 Bb6 10. h3 Nd7 11. Nc4 Nc5 12. Qc2 Qf6 13. Ne3 Ne7 14. d4 exd4 15.
Nxd4 Ne6 16. Ndf5 Nxf5 17. Nxf5 Rfe8 18. Bd2 Nc5 19. Rae1 Nd7 20. Kh2 Re6 21.
f3 Rae8 22. Be3 Bxe3 23. Nxe3 c6 24. Qd2 d5 25. g3 Nb6 26. exd5 Nxd5 27. Nxd5
cxd5 28. Rxe6 Qxe6 29. Rf2 d4 30. Qxd4 Qxa2 31. Qd7 Qe6 32. Qxb7 Qe3 33. Kg2 h6
34. Qb3 Qc1 35. Qc2 Qa1 36. Re2 Rd8 37. Rd2 Re8 38. Re2 Rd8 39. Rd2 Re8 40. Rd1
Qa6 41. c4 Qe6 42. Rd2 a5 43. b3 g6 44. Qd1 Kh7 45. Qa1 Qe3 46. Qxa5 Qxb3 47.
Qd5 Kg8 48. Qb5 Qe3 49. Qb2 h5 50. Qc2 Re5 51. h4 Kh7 52. Qd3 Qe1 53. Rc2 Qb1
54. Qd2 Re1 55. Qf2 Rg1+ 56. Qxg1 1/2-1/2

[Event "DMP - II Liga seniorow"]
[Site "Mrzezyno"]
[Date "2011.09.06"]
[Round "4"]
[White "Pacak, Patrycja"]
[Black "Wesolowska, Katarzyna"]
[Result "1-0"]
[WhiteElo "1754"]
[BlackElo "1765"]
[PlyCount "33"]
[EventDate "2011.09.??"]

1. e4 e6 2. d4 d5 3. Nc3 Bb4 4. Bd2 c5 5. exd5 cxd4 6. Nb5 Bxd2+ 7. Qxd2 a6 8.
Nxd4 Qxd5 9. O-O-O Nf6 10. Nge2 e5 11. Qg5 Nbd7 12. Nf5 Qxa2 13. Nc3 Qa1+ 14.
Nb1 g6 15. Rxd7 gxf5 16. Qxf6 O-O 17. Rd3 1-0

[Event "DMP - II Liga seniorow"]
[Site "Mrzezyno"]
[Date "2011.09.06"]
[Round "4"]
[White "Plonczak, Mateusz"]
[Black "Swiatnicki, Andrzej"]
[Result "1/2-1/2"]
[WhiteElo "1966"]
[BlackElo "2104"]
[PlyCount "78"]
[EventDate "2011.09.??"]

1. d4 d5 2. c4 Nc6 3. Bf4 dxc4 4. e3 e5 5. Bxe5 Nxe5 6. dxe5 Qxd1+ 7. Kxd1 Bg4+
8. Nf3 O-O-O+ 9. Ke1 f6 10. Bxc4 Bxf3 11. gxf3 fxe5 12. Nc3 Nf6 13. a3 c6 14.
Ke2 Be7 15. Rad1 Kc7 16. Rhg1 Rxd1 17. Rxd1 Rd8 18. Rxd8 Bxd8 19. Kd3 Kd6 20.
Ne4+ Nxe4 21. fxe4 g5 22. h3 b5 23. Bg8 h5 24. f3 a5 25. b3 a4 26. bxa4 bxa4
27. Kc4 Ba5 28. Bf7 h4 29. Bg8 Bd2 30. Bf7 Bxe3 31. Kb4 Bd2+ 32. Kxa4 Kc5 33.
Kb3 Kd4 34. Kc2 Ba5 35. Be6 c5 36. Bd7 c4 37. Be6 Ke3 38. Bg4 Be1 39. Bh5 Ba5
1/2-1/2

[Event "DMP - II Liga seniorow"]
[Site "Mrzezyno"]
[Date "2011.09.06"]
[Round "4"]
[White "Krzywon, Leszek"]
[Black "Siekaniec, Jan"]
[Result "0-1"]
[WhiteElo "1847"]
[BlackElo "2160"]
[PlyCount "148"]
[EventDate "2011.09.??"]

1. c4 Nf6 2. g3 g6 3. Bg2 Bg7 4. Nc3 O-O 5. d4 d6 6. e4 Nbd7 7. Nge2 e5 8. d5
a5 9. O-O Nc5 10. h3 Nfd7 11. Kh2 f5 12. f4 fxe4 13. Nxe4 Nxe4 14. Bxe4 Nc5 15.
Bg2 Bf5 16. a4 Bd3 17. Ra3 Bxc4 18. Re1 Bxe2 19. Rxe2 Qd7 20. Be3 exf4 21. Bxf4
Rae8 22. Rxe8 Rxe8 23. b3 Be5 24. Bd2 Qf5 25. b4 Nd3 26. Qf3 Qxf3 27. Bxf3 Nxb4
28. Rb3 Bd4 29. Bxb4 axb4 30. Rxb4 Bb6 31. g4 Kg7 32. Kg3 h6 33. h4 g5 34. hxg5
hxg5 35. Be4 Bc5 36. Rc4 Kf6 37. Bf3 Re3 38. Kg2 Ke5 39. Rc1 Rd3 40. Rc4 Rd2+
41. Kh3 Rd4 42. Rxd4 Kxd4 43. Kg3 Kc4 44. Kg2 Kb4 45. Bd1 Kc4 46. Bf3 Bb6 47.
Kg3 Kb4 48. Bd1 Kc5 49. Bf3 c6 50. dxc6 bxc6 51. Be4 d5 52. Bb1 Kb4 53. Kf3
Kxa4 54. Ke2 Kb4 55. Bf5 Kc4 56. Kd2 Kd4 57. Bd7 c5 58. Bf5 c4 59. Bg6 Bc7 60.
Bf5 Bf4+ 61. Kc2 Ke5 62. Kc3 Bg3 63. Bg6 Be1+ 64. Kc2 Ba5 65. Bf7 Kd4 66. Be6
Kc5 67. Bf5 d4 68. Be4 Kd6 69. Bf5 Ke5 70. Bg6 Kf4 71. Bf5 Ke3 72. Bd7 d3+ 73.
Kd1 c3 74. Kc1 c2 0-1

[Event "DMP - II Liga seniorow"]
[Site "Mrzezyno"]
[Date "2011.09.06"]
[Round "4"]
[White "Olszynski, Kazimierz"]
[Black "Walczak, Konrad"]
[Result "1-0"]
[WhiteElo "2222"]
[BlackElo "1758"]
[PlyCount "63"]
[EventDate "2011.09.??"]

1. e4 e5 2. Nc3 Nc6 3. d3 d6 4. Be2 g6 5. Be3 Bg7 6. Qd2 Be6 7. f4 Qd7 8. Nf3
a6 9. d4 exd4 10. Nxd4 Nxd4 11. Bxd4 f6 12. O-O f5 13. exf5 Bxf5 14. Bf3 O-O-O
15. Nd5 Bxd4+ 16. Qxd4 Ne7 17. Qa7 Nc6 18. Qa8+ Nb8 19. Rae1 Qb5 20. b4 a5 21.
Ne7+ Kd7 22. Bxb7 Be6 23. Bd5 Bxd5 24. Nxd5 Kc8 25. Re7 Rd7 26. Rxd7 Qxd7 27.
Qxa5 Kb7 28. b5 Qg7 29. c3 Re8 30. Rb1 Kc8 31. Qa7 g5 32. Nb6+ 1-0

[Event "DMP - II Liga seniorow"]
[Site "Mrzezyno"]
[Date "2011.09.06"]
[Round "4"]
[White "Lusio, Daniel"]
[Black "Szczesniak, Konrad"]
[Result "0-1"]
[WhiteElo "1830"]
[BlackElo "2193"]
[PlyCount "154"]
[EventDate "2011.09.??"]

1. e4 c5 2. Nf3 Nc6 3. c3 d5 4. exd5 Qxd5 5. d4 Nf6 6. Be2 Bf5 7. O-O e6 8. Bf4
cxd4 9. cxd4 Bb4 10. Nc3 Bxc3 11. bxc3 O-O 12. Re1 Na5 13. Ne5 Rac8 14. c4 Qe4
15. Be3 Qc2 16. Qxc2 Bxc2 17. Rac1 Ba4 18. f3 Nc6 19. Nd3 Ne7 20. g4 b6 21. Kf2
Rfd8 22. Rc3 Ned5 23. Ra3 Nxe3 24. Kxe3 Be8 25. g5 Nd7 26. Rc1 Rc7 27. c5 Rdc8
28. Rac3 bxc5 29. dxc5 f6 30. h4 Bg6 31. c6 Nb6 32. Kf2 Nd5 33. Rc4 Be8 34. Nb4
Nxb4 35. Rxb4 Rxc6 36. Rxc6 Bxc6 37. Ba6 Rd8 38. a4 Kf7 39. Ke3 Rd5 40. gxf6
Re5+ 41. Kf2 gxf6 42. Bd3 Ra5 43. Bc2 h6 44. Rc4 Bd7 45. f4 Ke7 46. Kg3 Ra6 47.
Bd1 Rd6 48. Bf3 Rd3 49. Kg2 Kd6 50. Be4 Rd2+ 51. Kg3 e5 52. fxe5+ Kxe5 53. Bh7
f5 54. Rc5+ Kf6 55. Bg8 Rd3+ 56. Kf2 Rd4 57. Rc7 Bxa4 58. Rxa7 Rxh4 59. Rf7+
Kg6 60. Rc7 Rf4+ 61. Kg3 Rg4+ 62. Kh3 Bd1 63. Bh7+ Kg5 64. Rg7+ Kf4 65. Rf7 Bc2
66. Rf6 Be4 67. Rxh6 Rg1 68. Rh4+ Kf3 69. Kh2 Rg2+ 70. Kh3 Rg7 71. Kh2 Ke3 72.
Bxf5 Bxf5 73. Ra4 Be4 74. Ra3+ Kf4 75. Ra6 Rh7+ 76. Kg1 Kg3 77. Kf1 Bd3+ 0-1

[Event "DMP - II Liga seniorow"]
[Site "Mrzezyno"]
[Date "2011.09.06"]
[Round "4"]
[White "Staroszczyk, Mateusz"]
[Black "Bielinski, Dariusz"]
[Result "1/2-1/2"]
[WhiteElo "2053"]
[BlackElo "2211"]
[PlyCount "97"]
[EventDate "2011.09.??"]

1. e4 c5 2. Nf3 e6 3. d4 cxd4 4. Nxd4 a6 5. Nc3 Qc7 6. Bd3 Nf6 7. O-O Bc5 8.
Nb3 Be7 9. f4 d6 10. Qe2 Nbd7 11. Kh1 b5 12. a3 Bb7 13. Bd2 O-O 14. Rae1 e5 15.
f5 Rfe8 16. Rf3 Bf8 17. Rg3 d5 18. Bg5 dxe4 19. Nxe4 Nxe4 20. Bxe4 Bxe4 21.
Qxe4 f6 22. Bd2 Nc5 23. Nxc5 Qxc5 24. Bb4 Qa7 25. Bxf8 Rxf8 26. Rd1 Rac8 27.
Rgd3 Rxc2 28. Rd8 Rc8 29. Qd5+ Qf7 30. Qxf7+ Kxf7 31. R8d7+ Kg8 32. g4 Rf7 33.
Rd8+ Rxd8 34. Rxd8+ Rf8 35. Rd7 Rc8 36. Ra7 h6 37. Rxa6 Rc1+ 38. Kg2 Rc2+ 39.
Kf3 Rxb2 40. h4 Rb3+ 41. Kg2 e4 42. h5 Kf8 43. a4 b4 44. Rb6 Rb2+ 45. Kg3 e3
46. a5 Ra2 47. a6 e2 48. Kf2 b3 49. Rxb3 1/2-1/2

[Event "DMP - II Liga seniorow"]
[Site "Mrzezyno"]
[Date "2011.09.06"]
[Round "4"]
[White "Kielek, Andrzej"]
[Black "Moskwinski, Tadeusz"]
[Result "1-0"]
[WhiteElo "2006"]
[BlackElo "2169"]
[PlyCount "193"]
[EventDate "2011.09.??"]

1. e4 c5 2. Nf3 d6 3. d4 cxd4 4. Nxd4 Nf6 5. Nc3 a6 6. g3 e6 7. Bg2 Be7 8. O-O
O-O 9. Be3 Qc7 10. h3 Nc6 11. f4 Bd7 12. Nce2 Rfe8 13. c3 Bf8 14. g4 e5 15. Nf5
exf4 16. Nxf4 Bxf5 17. gxf5 Nxe4 18. Nd5 Qd8 19. f6 Nc5 20. fxg7 Bxg7 21. Qh5
Ne5 22. Bg5 Qd7 23. Nb6 Qe6 24. Bd5 Qg6 25. Qxg6 hxg6 26. Nxa8 Rxa8 27. Be7 Bf8
28. Bf6 Nc6 29. Rae1 Nd7 30. Bg5 Nde5 31. Kg2 Rc8 32. h4 Rc7 33. Re2 Bg7 34.
Kh3 a5 35. a4 Bf8 36. h5 gxh5 37. Kh4 Ng6+ 38. Kxh5 Nce5 39. Rf5 Rd7 40. Rg2
Bg7 41. Rgf2 Nh8 42. Be3 Nd3 43. Rg2 Kf8 44. Bc4 Ne5 45. Bb5 Re7 46. Bb6 Re6
47. Kh4 Nhg6+ 48. Kg3 Ne7 49. Rh5 Nd5 50. Bd8 Nf6 51. Rh4 Ng6 52. Rc4 Ne4+ 53.
Kh2 Be5+ 54. Kg1 Nc5 55. b4 axb4 56. cxb4 Nb3 57. Bd7 Bd4+ 58. Rxd4 Nxd4 59.
Bxe6 Nxe6 60. Bf6 Ke8 61. Rh2 Ne5 62. Rh8+ Kd7 63. Rh7 Ke8 64. Kf1 Ng4 65. Bc3
d5 66. a5 d4 67. Bd2 Ne5 68. Rh5 Nc4 69. Ke2 Kd7 70. Rf5 Nd6 71. Rh5 Kc6 72.
Kd3 Nb5 73. Re5 Nd6 74. Be1 b6 75. axb6 Kxb6 76. Bf2 Nb5 77. Rf5 Nd6 78. Ra5
Nb5 79. Kc4 Nd6+ 80. Kd3 Nb5 81. Bg3 Na7 82. Rf5 Nc6 83. Bd6 Ncd8 84. Be7 Nc6
85. Bd6 Ncd8 86. Kc4 Kc6 87. Be7 Nb7 88. Rxf7 Nd6+ 89. Bxd6 Kxd6 90. Rf5 Kc6
91. b5+ Kd6 92. b6 Nd8 93. Rd5+ Ke7 94. Rxd4 Nb7 95. Kb5 Nd6+ 96. Kc6 Nf5 97.
Rd7+ 1-0

[Event "DMP - II liga seniorow "]
[Site "Mrzezyno"]
[Date "2011.09.07"]
[Round "5.19"]
[White "Rudolf, Michal"]
[Black "Gralka, Julian"]
[Result "1/2-1/2"]
[WhiteElo "2384"]
[BlackElo "2247"]
[PlyCount "52"]
[EventDate "2011.??.??"]

1. e4 e5 2. Nf3 Nc6 3. Bc4 Bc5 4. d3 Nf6 5. O-O O-O 6. c3 d6 7. Nbd2 a6 8. Bb3
Ba7 9. h3 Be6 10. Re1 h6 11. Nf1 d5 12. Qe2 Re8 13. Ng3 Qd7 14. Nh4 Rad8 15.
Qf3 dxe4 16. dxe4 Bxb3 17. axb3 Qe6 18. Ngf5 Kh8 19. Be3 Bxe3 20. Qxe3 Nd7 21.
Rad1 Nb6 22. Kh2 Qf6 23. Nf3 Qe6 24. N3h4 Qf6 25. Nf3 Qe6 26. N3h4 Qf6 1/2-1/2

[Event "DMP - II liga seniorow "]
[Site "Mrzezyno"]
[Date "2011.09.07"]
[Round "5.20"]
[White "Gralka, Przemyslaw"]
[Black "Warszawski, Bartosz"]
[Result "1/2-1/2"]
[WhiteElo "2288"]
[BlackElo "2277"]
[PlyCount "56"]
[EventDate "2011.??.??"]

1. d4 Nf6 2. Nf3 e6 3. Bf4 c5 4. e3 b6 5. c3 Bb7 6. Nbd2 Be7 7. h3 cxd4 8. cxd4
O-O 9. Be2 d6 10. O-O Nbd7 11. Bh2 Rc8 12. a4 a6 13. Qb3 Qc7 14. Nc4 Bd5 15.
Rfc1 Qb7 16. Qb4 Bxc4 17. Bxc4 d5 18. Bxa6 Qxa6 19. Qxe7 Qxa4 20. Ne5 Rxc1+ 21.
Rxc1 Nxe5 22. Bxe5 Ne4 23. f3 Qb3 24. Re1 Nd2 25. Bxg7 Kxg7 26. Qg5+ Kh8 27.
Qf6+ Kg8 28. Qg5+ Kh8 1/2-1/2

[Event "DMP - II liga seniorow "]
[Site "Mrzezyno"]
[Date "2011.??.??"]
[Round "5.21"]
[White "Kaim, Piotr"]
[Black "Wozniak, Marcin"]
[Result "1-0"]
[WhiteElo "2269"]
[BlackElo "2200"]
[PlyCount "167"]
[EventDate "2011.??.??"]

1. e4 c6 2. d4 d5 3. exd5 cxd5 4. c4 Nf6 5. Nc3 e6 6. Nf3 Be7 7. cxd5 Nxd5 8.
Bd3 Nc6 9. O-O O-O 10. Re1 Bf6 11. Be4 Nce7 12. Qd3 g6 13. Ne5 Bg7 14. Qf3 Rb8
15. Bd2 Nxc3 16. Bxc3 f6 17. Nc4 b5 18. Qg3 Ba6 19. Nd6 b4 20. Bd2 Rb6 21. Bf4
g5 22. Qb3 Qd7 23. Bf3 gxf4 24. Rxe6 Kh8 25. Nf7+ Rxf7 26. Rxb6 Bc8 27. Qxf7
axb6 28. Re1 Ng8 29. Bd5 Qxf7 30. Bxf7 Bd7 31. d5 Bf8 32. Be6 Bb5 33. Rc1 Nh6
34. Rc8 Kg7 35. Rc7+ Kg6 36. Rb7 Nf5 37. Rxb6 Nd6 38. a4 Bxa4 39. Rxb4 Bb5 40.
Rxf4 f5 41. h4 Bh6 42. Rd4 Bc1 43. b3 Kf6 44. Rd1 Ba3 45. g3 Bc5 46. Kg2 Ne4
47. f3 Nc3 48. Ra1 Ke5 49. Ra8 Kf6 50. Rh8 f4 51. gxf4 Bd3 52. Rc8 Bb4 53. h5
Ne2 54. Kf2 Ba6 55. Rc6 Bb5 56. Bh3+ Kg7 57. Rc7+ Kf6 58. Bf1 Ba5 59. Bxe2 Bb6+
60. Kg3 Bxc7 61. Bxb5 h6 62. Bc4 Bd6 63. Kg4 Bb4 64. Bd3 Bc3 65. Be4 Bb4 66.
Kg3 Bd6 67. Kf2 Bxf4 68. Ke2 Kg5 69. Bg6 Kf6 70. Kd3 Ke5 71. Kc4 Kd6 72. Kd4
Bd2 73. Ke4 Bc3 74. Bf7 Ke7 75. Be6 Kf6 76. Bg4 Bb4 77. Kd4 Bd6 78. Kc4 Ke5 79.
Be6 Bf8 80. Kb5 Kd6 81. Kb6 Bg7 82. b4 Bf6 83. b5 Bd8+ 84. Kb7 1-0

[Event "DMP - II liga seniorow "]
[Site "Mrzezyno"]
[Date "2011.09.07"]
[Round "5.22"]
[White "Bokiej, Przemyslaw"]
[Black "Chalupnik, Marcin"]
[Result "1-0"]
[WhiteElo "2125"]
[BlackElo "2236"]
[PlyCount "87"]
[EventDate "2011.??.??"]

1. e4 c5 2. Nf3 d6 3. Bb5+ Bd7 4. c4 Nf6 5. Nc3 e6 6. O-O Be7 7. d3 O-O 8. a3
Nc6 9. Rb1 Qc7 10. h3 Ne8 11. Re1 Bf6 12. Be3 Nd4 13. Bxd4 Bxd4 14. Nxd4 cxd4
15. Bxd7 Qxd7 16. Ne2 e5 17. Ng3 Nc7 18. f4 a5 19. Rc1 Ne6 20. f5 Nf4 21. Rf1
g5 22. Kh2 f6 23. Nh1 Qf7 24. g3 Nh5 25. Nf2 Rfc8 26. b3 Kh8 27. Qd2 Ng7 28.
Ra1 Ra6 29. Rfc1 Ne8 30. b4 axb4 31. axb4 Rca8 32. Qb2 b6 33. Rxa6 Rxa6 34. Ra1
Qa7 35. Rxa6 Qxa6 36. Qb3 Kg7 37. c5 dxc5 38. Qe6 Qa4 39. bxc5 bxc5 40. h4 g4
41. Qe7+ Kg8 42. Nxg4 h5 43. Nh6+ Kh8 44. Qf7 1-0

[Event "DMP - II liga seniorow "]
[Site "Mrzezyno"]
[Date "2011.09.07"]
[Round "5.23"]
[White "Rams, Michal"]
[Black "Mazalon, Mariusz"]
[Result "1/2-1/2"]
[WhiteElo "2272"]
[BlackElo "2023"]
[PlyCount "82"]
[EventDate "2011.??.??"]

1. d4 Nf6 2. Bg5 e6 3. e4 h6 4. Bxf6 Qxf6 5. c3 g6 6. Bd3 d6 7. Ne2 e5 8. O-O
Bg7 9. f4 exd4 10. cxd4 Nc6 11. e5 dxe5 12. dxe5 Qe7 13. Nbc3 Be6 14. Be4 Rd8
15. Bxc6+ bxc6 16. Qa4 Qc5+ 17. Kh1 O-O 18. Rad1 Bc4 19. Qc2 Ba6 20. Rxd8 Rxd8
21. Rd1 Rxd1+ 22. Qxd1 g5 23. fxg5 Qxe5 24. gxh6 Bxh6 25. Nd4 Bb7 26. Nf3 Qe3
27. Qd8+ Kg7 28. Qxc7 Qc1+ 29. Ng1 Qxb2 30. Qg3+ Kh7 31. Qd3+ Kg8 32. Qd8+ Kg7
33. Qd4+ Kh7 34. Qd3+ Kg8 35. Qd8+ Kg7 36. Qd4+ Kh7 37. h4 c5 38. Qd3+ Kg7 39.
Qg3+ Kh7 40. Qd3+ Kg7 41. Qg3+ Kh7 1/2-1/2

[Event "DMP - II liga seniorow "]
[Site "Mrzezyno"]
[Date "2011.09.07"]
[Round "5.24"]
[White "Wesolowska, Edyta"]
[Black "Bednarska-bzdega, Malgorzata"]
[Result "0-1"]
[WhiteElo "1957"]
[BlackElo "2137"]
[PlyCount "110"]
[EventDate "2011.??.??"]

1. d4 Nf6 2. Nf3 g6 3. c4 Bg7 4. Nc3 d5 5. Bf4 O-O 6. e3 c5 7. Rc1 cxd4 8. Nxd4
Nc6 9. Ndb5 e5 10. cxd5 exf4 11. dxc6 bxc6 12. Qxd8 Rxd8 13. Nd4 c5 14. Nb3
fxe3 15. fxe3 Bh6 16. Nd1 Ng4 17. Be2 Nxe3 18. Bf3 Rb8 19. Rxc5 Nxd1 20. Bxd1
Bb7 21. Rc2 Re8+ 22. Kf2 Be3+ 23. Kg3 Bd5 24. Rc3 h5 25. Bf3 Bxb3 26. Rxb3 Rxb3
27. axb3 Bd4 28. Ra1 Re3 29. Ra3 Bc5 30. b4 Bd6+ 31. Kf2 Re7 32. Rb3 Rc7 33.
Rc3 Re7 34. Rb3 h4 35. g3 f5 36. Bd5+ Kg7 37. Kf3 g5 38. g4 fxg4+ 39. Kxg4 Bxh2
40. Rf3 Bf4 41. b3 Kf6 42. b5 Re1 43. Rf2 Rg1+ 44. Rg2 Rd1 45. Bc4 Rd4 46. Rf2
Kg6 47. Ra2 Bg3+ 48. Kf3 g4+ 49. Kg2 Bb8 50. Be6 Kg5 51. Ra4 h3+ 52. Kf2 g3+
53. Kf3 Rxa4 54. bxa4 g2 55. Kf2 Bh2 0-1